Statystyki dla Irregular verbs

Kliknij tutaj aby rozwiązać quiz!

Ogólne statystyki

  • Ten quiz został rozwiązany 8 razy
  • Średni wynik to 13 z 50

Statystyki odpowiedzi

HintTlumaczenieOdpowiedź% Poprawnych
singspiewacsang
71%
thinkmyslecthought
57%
payplacicpaid
57%
runbiegacran
43%
readczytacread
43%
putklascput
43%
stealkrascstole
43%
speakmowicspoke
43%
writepisaćwrote
43%
swimplywacswam
43%
tellpowiedziectold
43%
saypowiedziecsew
43%
makerobicmade
43%
understandrozumiecunderstood
43%
sleepspacslept
43%
shootstrzelacshot
43%
shineswiecicshone
43%
teachuczyctaught
43%
seewidziecsaw
43%
ringdzwonicrang
29%
lielezeclay
29%
leaveopuszczacleft
29%
showpokazywacshowed
29%
letpozwalaclet
29%
lendpozyczaclent
29%
sitsiadacsat
29%
meetspotykacmet
29%
standstacstood
29%
winwygrywacwon
29%
sendwysylacsent
29%
takewziactook
29%
shutzamykacshut
29%
ridejezdzicrode
14%
wearnosicwore
14%
wakeobudzic siewoke
14%
slideslizgac sieslid
14%
losetraciclost
14%
proveudowodnicproved
14%
lightzapalaclit
14%
stinkcuchnacstank
0%
smellczucsmelt
0%
meanmiec na myslimeant
0%
shakepotrzasacshook
0%
stickprzyklejacstuck
0%
speedprzyspieszycsped
0%
throwrzucacthrew
0%
sinktonacsank
0%
spendwydawacspent
0%
risewzrastacrose
0%
sweepzamiatacswept
0%

Rozkład punktacji

Percentyl według liczby udzielonych odpowiedzi

Procent ludzi z każdym wynikiem

Twoja historia wyników

Nie rozwiązałeś tego quizu